This, But Not That VIII Quiz Stats

 Plays Quiz Updated Nov 30, 2017

Challenge
Share
Tweet
Embed
Score 0/18 Timer 05:00
5 Plays Today
% Correct
Dances
93.4%
Places Most Everyone Speaks French
90.8%
Grain Mash Alcohols
90%
Shakespeare Characters
88.7%
Electromagnetic Wave Types
88%
African Languages
87.4%
Cable Channels
86%
Beans
85.6%
Movie Awards
84.3%
% Correct
Monopoly Pieces
83.5%
Nicknames for Hemingway
75.1%
Types of Brain Waves
73.1%
Kinds of Ink
67.5%
Amazon Products
65.7%
Popes
62.8%
Newspaper Comic Strips
56.7%
Visited King Arthur's Court
56.6%
Revlon Perfumes
45.5%

You're not logged in!

Compare scores with friends on all Sporcle quizzes.
Join for Free
OR
Log In

You Might Also Like...

Show Comments

Extras

Top Quizzes Today


Score Distribution

Your Account Isn't Verified!

In order to create a playlist on Sporcle, you need to verify the email address you used during registration. Go to your Sporcle Settings to finish the process.

Report this User

Report this user for behavior that violates our Community Guidelines.

Details: